Datum a čas kvízu
35.5
Celkem bodů
Celkový počet nahraných bodů na tomto kvízu bez doplňovacích otázek.
3.
Pořadí na kvízu
Konečné umístění týmu na tomto kvízu.
Zaznamenané odpovědi
| # | Otázka | Odpověď | Body | Výsledky |
|---|---|---|---|---|
| 1. | Ve čtvrtek pronásledovali praž... | Rohlík (Rohlík.cz) | 0 | |
| 2. | Ve čtvrtek ustála předsedkyně... | Pfizergate | 1 | |
| 3. | Slavná polská režisérka Agnies... | Franz | 0 | |
| 4. | Nedávno jsme se zmiňovali o ak... | moa, Nový Zéland | 0 | |
| 5. | V pátek se v Monaku konal dalš... | skok vysoký | 0 | |
| 6. | Chcete-li vidět něco, co velmi... | Moravská Sahara | 1 | |
| 7. | Poblíž Františkových Lázní se... | Soos | 0 | |
| 8. | Chráněná krajinná oblast Pálav... | Pavlovské vrchy, Nové Mlýny (Novomlýnská nádrž) | 1 | |
| 9. | Nyní se podíváme na nejdelší j... | Koněpruské jeskyně | 1 | |
| 10. | Zde vidíme výhled z rozhledny... | Králický Sněžník | 1 |